Top 20 Words Starting with DR - Statistics

General Stats
  • This quiz has been taken 1,132 times
  • The average score is 13 of 20
Answer Stats
freq letters word % Correct
313 4 draw
87%
189 4 drop
86%
49 4 drag
83%
226 5 drink
82%
301 5 drive
81%
135 5 dream
75%
150 3 dry
75%
38 5 drain
68%
41 5 drunk
67%
56 4 drew
65%
73 5 or 7 draft/draught
64%
156 5 dress
63%
155 4 drug
60%
38 5 drove
58%
74 5 drama
46%
75 5 drawn
44%
33 6 driven
44%
42 5 drift
41%
134 6 driver
35%
39 8 dramatic
27%
No matching quizzes found
Score Distribution
Percent of People with Each Score
Percentile by Number Answered
Your Score History
You have not taken this quiz